000 00648nam a2200277Ia 4500
005 20260324142920.0
008 008 260324s9999 xx 000 0 eng d
020 _a9781351075336
037 _aEBOOK
040 _aCRL
040 _beng
040 _cCRL
041 _2eng
041 _aeng
084 _qCRL
100 _aR.Michael Hord
_91213707
245 0 _aParallel Supercomputing in MIMD Architectures
260 _bTaylor and Francis
260 _c1993
365 _a
365 _b560
856 _uhttp://www.taylorfrancis.com/books/9781351075336
942 _cEBOOK
999 _c1818474
_d1818474